| 000 | 00411nam a22001697a 4500 | ||
|---|---|---|---|
| 005 | 20241001104852.0 | ||
| 008 | 241001b |||||||| |||| 00| 0 eng d | ||
| 020 | _a1875410449 | ||
| 082 |
_a745.92 _bHIL-C |
||
| 100 | _aHill Fionna | ||
| 245 | _aCountry style Flowers / | ||
| 260 |
_aAustralia; _bkevin wildon _c1992 |
||
| 300 |
_a175p. _bill; _c27 cm |
||
| 650 | _aArt & design | ||
| 999 |
_c36594 _d36594 |
||